00907cam a2200277 a 450000100090000000300060000900500170001500800410003201000150007302000150008804000350010304200140013804300120015205000230016408200170018710000210020424500880022526000500031330000340036350400630039760000490046065000350050965000470054465000220059170000160061360525112OCoLC20190111091356.0051011s2005 tnua b 001 0 eng d a2005282849 a0805431578 aTNEcTNEdDLCdBAKERdWIHdKEN alccopycat an-us---00aKF224.S3bO43 2005 a231.76bO42M1 aOlasky, Marvin N10aMonkey business :bthe true story of the Scopes trial /cMarvin Olasky & John Perry aNashville, Tenn. :bBroadman & Holman,cc2005 aviii, 344 p. :bill. ;c24 cm aIncludes bibliographical references (p. 335-337) and index10aScopes, John ThomasxTrials, litigation, etc 0aIntelligent design (Teleology) 0aEvolutionxReligious aspectsxChristianity 0aBible and science1 aPerry, John